000 00312nam a22001337a 4500
008 170403b xxu||||| |||| 00| 0 eng d
020 _a9781883097158
041 _aeng
080 _a574
100 _a9
101 _aSHM
245 _a6- WAYS FARMERS CAN PROTECT SURFACE WATER
_cHIRSCHI, M
942 _2udc
_cBK
999 _c9576
_d9576